Score 0/10 Timer 03:00
0 Plays Today
% Correct
Sugar
89.4%
Cake Flour
88.5%
Heavy Cream
85.4%
Eggs
81.3%
Semisweet Chocolate
79.5%
Milk
75.1%
Vanilla Bean and Vanilla Extract
63.4%
Salt
62%
Unsalted Butter
60%
Cornstarch
12.3%
Remove Ads.
Support Sporcle.
Get the best of Sporcle when you Go Orange. This ad-free experience offers more features, more stats, and more fun while also helping to support Sporcle. Thank you for becoming a member.

You're not logged in!

Compare scores with friends on all Sporcle quizzes.
OR
Log In

Show Comments

Extras

Top Quizzes Today


Score Distribution

Your Account Isn't Verified!

In order to create a playlist on Sporcle, you need to verify the email address you used during registration. Go to your Sporcle Settings to finish the process.

Report this User

Report this user for behavior that violates our Community Guidelines.

Details: